| 000 | 00820nam a2200241 4500 | ||
|---|---|---|---|
| 003 | OSt | ||
| 005 | 20221117132917.0 | ||
| 008 | 709.04 G917a | ||
| 020 | _a978 85 99501 14 6 | ||
| 040 | _cBiblioteca Lado V | ||
| 082 |
_a700.74 _bP438o |
||
| 100 |
_aPerez-Barreiro, Gabriel _9454 _eautor |
||
| 245 |
_aOyvind Fahlstrom/ _b6 Bienal do Mercosul/ |
||
| 260 |
_aBrasil _bFundación Bienal de Mercosul _c2007 |
||
| 300 |
_a122p. _c18x21xcm _bill |
||
| 650 |
_2Tesauro de Arte & Arquitectura _aARTE CONTEMPORANEO |
||
| 650 |
_2Tesauro de Arte & Arquitectura _aPAISAJE |
||
| 650 |
_2Tesauro de Arte & Arquitectura _aARTE VISUAL |
||
| 650 |
_2Tesauro de Arte & Arquitectura _aBIENAL |
||
| 650 |
_2Bienal do Mercosul _aBRASIL |
||
| 700 |
_aBessa, Antonio Sergio _eautor |
||
| 942 |
_2ddc _c1 _h700.74 _iP438o |
||
| 999 |
_c2674 _d2674 |
||